000 00685nam a22001937a 4500
003 OSt
005 20240830144650.0
008 240830b ||||| |||| 00| 0 eng d
040 _cAIMIT LIBRARY
100 _aBrank, Ninoshka Clea.
_e2216112
_9178283
245 _aStudy on the influence of employee agility on innovative work behaviour /
_cBy Ninoshka Clea Brank ; Guided by Justin James.
260 _aMangaluru ;
_c2024.
650 _aResearch objectives
_9178284
650 _aData source
_9178285
650 _aReliability analysis
_9178286
700 _aJames, Justin.
_eGuide
_9178287
856 _3Mangalore Refinery and Petrochemicals Ltd
_ywww.mrpl.co.in
942 _2ddc
_cPRO
999 _c231663
_d231663